| 000 | 00432nam a22001817a 4500 | ||
|---|---|---|---|
| 003 | CEME | ||
| 005 | 20210628201816.0 | ||
| 008 | 210216b xxu||||| |||| 00| 0 eng d | ||
| 020 | _a0-86577-621-0 | ||
| 040 | _c. | ||
| 082 | _a617.8 GEL | ||
| 100 |
_aGelfand, Stanley A _956918 |
||
| 245 | _aEssentials of audiology | ||
| 260 |
_aNEW YORK _bTHIEME _c1997 |
||
| 300 | _aXI,562P | ||
| 650 |
_aAUDIOLOGY _956919 |
||
| 942 |
_cBK _2ddc |
||
| 999 |
_c567238 _d567238 |
||